Guidelines for chemical process quantitative risk analysis /

Guardado en:
Autor Corporativo: American Institute of Chemical Engineers. Center for Chemical Process Safety.
Formato: Libro
Idioma:English
Publicado: New York : Center for Chemical Process Safety of the American Institute of Chemical Engineers, c2000.
Edición:2nd ed.
Materias:
Acceso en línea:Descripción
Tabla de contenido
Etiquetas: Agregar Etiqueta
Sin Etiquetas, Sea el primero en etiquetar este registro!
LEADER 01456cam a22002895a 4500
001 EIQ.libpla002968
008 000606s2000####nyua#####bf###001#0#eng#d
005 20070926172657.0
245 0 0 |a Guidelines for chemical process quantitative risk analysis /  |c [prepared for] Center for Chemical Process Safety of the American Institute of Chemical Engineers. 
246 3 0 |a Chemical process quantitative risk analysis 
250 |a 2nd ed. 
260 |a New York :  |b Center for Chemical Process Safety of the American Institute of Chemical Engineers,  |c c2000. 
300 |a xxviii, 754 p. :  |b il. ;  |c 26 cm. +  |e 1 CD-ROM. 
504 |a Incluye referencias bibliográficas e índice. 
020 |a 081690720X 
710 2 |a American Institute of Chemical Engineers.  |b Center for Chemical Process Safety. 
082 0 0 |a 660/.2804  |2 21 
650 4 |a Fábrica de productos químicos  |x Handbooks, manuales, etc. 
650 4 |a Fábrica de productos químicos  |x Gravamen de riesgo. 
650 4 |a Chemical plants  |x Handbooks, manuals, etc. 
650 4 |a Chemical plants  |x Risk assessment. 
010 |a  00044192  
040 |a DLC  |c DLC  |d AR-BbSID 
856 4 2 |3 Descripción  |u http://www.loc.gov/catdir/enhancements/fy0610/00044192-d.html 
856 4 1 |3 Tabla de contenido  |u http://www.loc.gov/catdir/enhancements/fy0610/00044192-t.html 
859 |a AR-BbSID  |b BIB. PLAPIQUI  |h 660.280 4  |i G 942  |p 5310  |t Ej. 1  |v Ej. 1 
859 |a AR-BbSID  |b BIB. PLAPIQUI  |h 660.280 4  |i G 942  |p 5373  |t Ej. 2  |v Ej. 2